000 00466nam a2200193Ia 4500
005 20240823022048.0
008 240823s9999||||xx |||||||||||||| ||und||
020 _a0-19-567092-2
041 _aENGLISH
082 _A621.317 P5
100 _aMoorthi V R
245 0 _aPower Electronics
250 _a1st
260 _c2005
_bOxford University
_aNew Delhi
500 _aYES
650 _aPower Electronics
_bInstrumentation
942 _cBK
999 _c178287
_d178287